Kultúra v centre záujmu našich filozofov

Bibliographic Details
Main Author: Šalgovičová, Jana (Author)
Format: Article
Language:Slovak
Subjects:

MARC

LEADER 00000nab a2200000 a 4500
001 vtls000154027
003 SK-MaSNL
005 20260304025152.0
008 111104c1983 xo 0 slo
015 |a SNBRB19rr/mm-uuuuu 
035 |a CL0164134 
040 |a SNKBUCL  |b slo  |c SNKBUCL  |e AACR2 
041 0 |a slo 
044 |a xo  |c SK 
080 |a 130.2  |2 1981 
080 |a 1 100.226.4  |2 1981 
080 |a 008  |2 1981 
100 1 |a Šalgovičová, Jana  |4 aut  |9 509755 
245 1 0 |a Kultúra v centre záujmu našich filozofov  |c Jana Šalgovičová 
650 0 7 |a kultúra  |2 snkbucl  |9 886 
650 0 7 |a filozofia kultúry  |2 snkbucl  |9 898 
651 7 |a 5210  |2 snkbucl  |9 276500 
655 7 |a články z novín a časopisov  |2 snkbucl  |9 267496 
773 0 |t Osvetová práca  |g Roč. 33, č. 7 (1983), s. 16-17 
850 |a Slovenská národná knižnica v Martine  |a MTA001 
852 |a SNK  |b KIS3GCP 
958 |a RK 
992 |a RBX 
999 |c 2625743  |d 2627673